| 000 | 00739nam a2200205 i 4500 | ||
|---|---|---|---|
| 001 | 183753 | ||
| 003 | ES-MaACL | ||
| 005 | 20250628063400.0 | ||
| 008 | 141009s1828 fr |||| | fre d | ||
| 245 | 0 | 0 | _aDon Miguel 1er. |
| 260 |
_aParis : _bDelaforest, lib., _c1828 _f(Imp. Anthelme Boucher) |
||
| 300 |
_a185 páginas ; _c8º. |
||
| 500 | _aDonativo Ángel Calderón de la Barca | ||
| 600 | 1 | 4 |
_aMiguel _bI _cRey de Portugal. _9149627 |
| 651 | 4 |
_aPortugal- _xHistoria- _y1828-1834, Miguel I. _9149628 |
|
| 852 |
_aES-MaACL _cDEPOF _hDonat. Ángel Calderón de la Barca (Actas del Ateneo, junta 9 de abril de 1844) _jT-257-F-2 |
||
| 942 |
_2udc _cFOLLETOS _n0 |
||
| 999 |
_c183753 _d183753 |
||